000
002340000a22000970004500
100
1
_a
Dezcallar, Jorge
245
1
0
_a
Islam : Hierve el fanatismo
300
_a
Vol. 25, Núm 25 (1993), Páginas 64-66
773
0
_t
Cambio 16
942
_c
ANA
999
_c
58327
_d
58327